000 00493nam a2200193Ia 4500
005 20240823044716.0
008 240823s9999||||xx |||||||||||||| ||und||
020 _a978-81-315-1195-4
041 _aENGLISH
082 _A003.133 Q0
100 _aRizwan Khan
245 0 _aComputer Fundamentals and C Programming
250 _a1st
260 _c2010
_bCengage Learning
_aNew Delhi
500 _aTRANSFERED
650 _ac Programming
_bComputer Science
942 _cBK
999 _c213241
_d213241